Traité des urines : l'analyse des urines, considérée comme un des éléments de diagnostic /
Guardado en:
| Autor Principal: | |
|---|---|
| Formato: | Libro |
| Idioma: | French |
| Publicado: |
Paris :
Vigot Fréres,
1913.
|
| Etiquetas: |
Agregar Etiqueta
Sin Etiquetas, Sea el primero en etiquetar este registro!
|
| LEADER | 00496nam a22001455a 4500 | ||
|---|---|---|---|
| 001 | EUN.um032021 | ||
| 003 | AR-BaUNS | ||
| 005 | 20050623122906.0 | ||
| 008 | 041125s1913####fr#a##########000#0#fre#d | ||
| 245 | 1 | 0 | |a Traité des urines : |b l'analyse des urines, considérée comme un des éléments de diagnostic / |c Ern Gérard. |
| 260 | |a Paris : |b Vigot Fréres, |c 1913. | ||
| 300 | |a 568 p. : |b ilus. ; |c 19 cm. | ||
| 100 | 1 | |a Gérard, Ern. | |
| 082 | 0 | 4 | |a 616.6 |
| 859 | |a Ar-BaUNS |b BIB. CENTRAL - Sector C |h 616.6 |i G312 |p 92441/985 | ||
